[Event "Österreichische Meisterschafte"]
[Site "Imst"]
[Date "2008.03.19"]
[Round "4.3"]
[White "Radnetter, Georg"]
[Black "Fröwis, Georg"]
[Result "0-1"]
[WhiteElo "2150"]
[BlackElo "2194"]
[PlyCount "62"]
[EventDate "2008.03.17"]

1. e4 e6 2. d4 d5 3. Nc3 Bb4 4. e5 c5 5. a3 Bxc3+ 6. bxc3 Ne7 7. Qg4 Qc7 8.
Qxg7 Rg8 9. Qxh7 cxd4 10. Ne2 Nbc6 11. f4 Bd7 12. Qd3 dxc3 13. Nxc3 a6 14. Rb1
Rc8 15. h4 Nf5 16. Rh3 Ncd4 17. a4 Qa5 18. Bd2 Qc7 19. h5 Kf8 20. Kd1 Rg7 21.
Be1 Kg8 22. Bf2 Rg4 23. Bxd4 Rxf4 24. Bb6 Qxe5 25. Kd2 d4 26. Ne2 Bxa4 27. Nxf4
Qxf4+ 28. Ke1 Bxc2 29. Qa3 Bxb1 30. Rf3 Qh4+ 31. Kd2 Qg5+ 0-1

[Event "Österreichische Meisterschafte"]
[Site "Imst"]
[Date "2008.03.19"]
[Round "4.4"]
[White "Platzgummer, Fabian"]
[Black "Heiny, Michael"]
[Result "1-0"]
[WhiteElo "2192"]
[BlackElo "2009"]
[PlyCount "151"]
[EventDate "2008.03.17"]

1. c3 Nf6 2. Nf3 g6 3. d4 Bg7 4. Bg5 d6 5. Nbd2 h6 6. Bxf6 Bxf6 7. e4 O-O 8.
Bc4 c5 9. dxc5 dxc5 10. e5 Bg7 11. e6 Bxe6 12. Bxe6 fxe6 13. Qe2 Qd5 14. O-O
Nc6 15. Rad1 b6 16. Nc4 Qf5 17. Rfe1 e5 18. Qe4 Qxe4 19. Rxe4 Rad8 20. Rde1 Rf4
21. Ncd2 Rxe4 22. Nxe4 Kf7 23. Kf1 Bf6 24. Ke2 Ke6 25. Nfd2 Kf5 26. f3 Rd5 27.
Nc4 Rd7 28. Ne3+ Ke6 29. Rd1 Rxd1 30. Nxd1 Na5 31. Ne3 Nb7 32. b3 Nd6 33. a4
Nxe4 34. fxe4 Bg5 35. Nc4 Bf4 36. g3 Bg5 37. Na3 Kd7 38. Nc4 Bf6 39. Kd3 Kc6
40. Na3 a6 41. Kc4 h5 42. h3 Bg5 43. b4 h4 44. gxh4 Bxh4 45. b5+ axb5+ 46.
axb5+ Kd6 47. Kd3 Bg3 48. Nc4+ Kc7 49. Ne3 e6 50. Nc4 Bf4 51. Ke2 Bg3 52. Kf3
Bf4 53. Kg4 Kb7 54. h4 Kc7 55. Nb2 Kd6 56. c4 Bc1 57. Na4 Kc7 58. h5 gxh5+ 59.
Kxh5 Be3 60. Nb2 Bd4 61. Nd3 Kd6 62. Kg6 Ke7 63. Kg7 Bc3 64. Nf2 Bd2 65. Nd3
Bc3 66. Nc1 Bd4 67. Ne2 Bb2 68. Ng1 Bc1 69. Nf3 Be3 70. Nh4 Bg5 71. Ng6+ Kd6
72. Kf7 Bh6 73. Kf6 Bf4 74. Nf8 Bg3 75. Nxe6 Bf4 76. Nd8 1-0

[Event "Österreichische Meisterschafte"]
[Site "Imst"]
[Date "2008.03.19"]
[Round "4.5"]
[White "Klocker, Benedikt"]
[Black "Exler, Veronika"]
[Result "1/2-1/2"]
[WhiteElo "2105"]
[BlackElo "1974"]
[PlyCount "131"]
[EventDate "2008.03.17"]

1. e4 c6 2. d4 d5 3. exd5 cxd5 4. c4 Nf6 5. Nc3 Nc6 6. Nf3 Bg4 7. cxd5 Nxd5 8.
Qb3 Bxf3 9. gxf3 e6 10. Qxb7 Nxd4 11. Bb5+ Nxb5 12. Qc6+ Ke7 13. Qxb5 Qd7 14.
Nxd5+ Qxd5 15. Qxd5 exd5 16. O-O Ke6 17. Re1+ Kf5 18. Rd1 Rd8 19. Be3 Rd7 20.
Rac1 Be7 21. b3 Rhd8 22. Rd4 g5 23. Ra4 d4 24. Ra5+ Kg6 25. Rc6+ Kh5 26. Bd2
Rb8 27. Kf1 Rb6 28. Rxb6 axb6 29. Rb5 Bd8 30. Ke2 d3+ 31. Ke3 Bc7 32. Ke4 f6
33. f4 Bxf4 34. Bxf4 d2 35. Bxd2 Rxd2 36. Ke3 Rd6 37. Kf3 Kg6 38. a4 f5 39. b4
Re6 40. a5 bxa5 41. bxa5 g4+ 42. Kg3 Kg5 43. h4+ gxh3 44. f4+ Kh5 45. Rxf5+ Kg6
46. Rg5+ Kf7 47. Kxh3 Rh6+ 48. Kg4 Ra6 49. Rb5 Ra7 50. Kg5 Kg7 51. f5 Kf7 52.
Kh6 Kg8 53. f6 Kf7 54. Rf5 Rd7 55. Kxh7 Rd1 56. Kh6 Rg1 57. Kh5 Rg2 58. Kh4 Rg1
59. Kh3 Rg8 60. Kh4 Rg1 61. a6 Ra1 62. Kg5 Rxa6 63. Rb5 Ra1 64. Rb7+ Kf8 65.
Rb5 Kf7 66. Rb7+ 1/2-1/2

[Event "Österreichische Meisterschafte"]
[Site "Imst"]
[Date "2008.03.19"]
[Round "4.6"]
[White "Scheiber, Michael"]
[Black "Kuran, Avelino"]
[Result "1/2-1/2"]
[WhiteElo "1943"]
[BlackElo "2104"]
[PlyCount "50"]
[EventDate "2008.03.17"]

1. e4 c5 2. Nc3 g6 3. g3 Bg7 4. Bg2 Nc6 5. d3 Rb8 6. Be3 Nd4 7. Qd2 Qa5 8. a3
b5 9. Nf3 b4 10. Nd1 Qa4 11. Bxd4 cxd4 12. b3 Qa5 13. O-O Bh6 14. Qe1 Qc5 15.
axb4 Qxc2 16. Nxd4 Qxd3 17. Qc3 Qxc3 18. Nxc3 Rxb4 19. Ndb5 Rxb3 20. Rxa7 Nf6
21. Rc7 O-O 22. Ra1 d5 23. exd5 Nd7 24. d6 exd6 25. Nxd6 Bg7 1/2-1/2

[Event "Österreichische Meisterschafte"]
[Site "Imst"]
[Date "2008.03.19"]
[Round "4.7"]
[White "Zwanowetz, Thomas"]
[Black "Klocker, Samuel"]
[Result "1-0"]
[WhiteElo "1859"]
[BlackElo "1835"]
[PlyCount "43"]
[EventDate "2008.03.17"]

1. d4 d5 2. c4 e6 3. Nc3 Nf6 4. Bg5 Nbd7 5. Nf3 c6 6. e3 Qa5 7. Nd2 Bb4 8. Qc2
O-O 9. Be2 dxc4 10. Bxf6 Nxf6 11. Nxc4 Qg5 12. Ne5 c5 13. h4 Qh6 14. g4 g5 15.
O-O-O Bxc3 16. bxc3 cxd4 17. hxg5 Qxg5 18. f4 Qg7 19. g5 Nd5 20. Ng4 f5 21.
gxf6 Nxf6 22. Rdg1 1-0

[Event "Österreichische Meisterschafte"]
[Site "Imst"]
[Date "2008.03.19"]
[Round "4.8"]
[White "Bisztyga, Oliver"]
[Black "Schmidrathner, Christian"]
[Result "1/2-1/2"]
[WhiteElo "1814"]
[BlackElo "1855"]
[PlyCount "22"]
[EventDate "2008.03.17"]

1. e4 c5 2. Nf3 d6 3. d4 cxd4 4. Nxd4 Nf6 5. Nc3 g6 6. Be3 Bg7 7. f3 O-O 8. Qd2
Nc6 9. O-O-O Bd7 10. g4 Ne5 11. Kb1 Be6 1/2-1/2

[Event "Österreichische Meisterschafte"]
[Site "Imst"]
[Date "2008.03.19"]
[Round "4.9"]
[White "Kuecher, Wolfgang"]
[Black "Benkö, Markus"]
[Result "1/2-1/2"]
[WhiteElo "1818"]
[BlackElo "1943"]
[PlyCount "30"]
[EventDate "2008.03.17"]

1. d4 Nf6 2. Bg5 g6 3. Bxf6 exf6 4. Nf3 Bg7 5. g3 O-O 6. Bg2 f5 7. c4 d6 8. O-O
Nd7 9. Nc3 Nf6 10. e3 c6 11. Qb3 Qc7 12. Rac1 Ne4 13. Rfd1 Re8 14. Nd2 Nf6 15.
Nf3 Qe7 1/2-1/2

[Event "Österreichische Meisterschafte"]
[Site "Imst"]
[Date "2008.03.19"]
[Round "5.1"]
[White "Fröwis, Georg"]
[Black "Poetz, Florian"]
[Result "1/2-1/2"]
[WhiteElo "2194"]
[BlackElo "2172"]
[PlyCount "23"]
[EventDate "2008.03.17"]

1. e4 c5 2. Nf3 e6 3. b3 b6 4. Bb2 Bb7 5. d3 d6 6. g3 Nf6 7. Bg2 Be7 8. O-O a6
9. Nbd2 b5 10. Qe2 Nc6 11. Rfe1 Qb6 12. Nf1 1/2-1/2

[Event "Österreichische Meisterschafte"]
[Site "Imst"]
[Date "2008.03.19"]
[Round "5.2"]
[White "Lampl, Gerald"]
[Black "Platzgummer, Fabian"]
[Result "1/2-1/2"]
[WhiteElo "2118"]
[BlackElo "2192"]
[PlyCount "30"]
[EventDate "2008.03.17"]

1. d4 Nf6 2. c4 c5 3. d5 e5 4. Nc3 d6 5. e4 Be7 6. Bd3 Nbd7 7. Nge2 Nf8 8. f3
h5 9. Bc2 Ng6 10. Ba4+ Kf8 11. h4 a6 12. g3 Rb8 13. Qc2 Kg8 14. Be3 Qa5 15. Bd2
Qc7 1/2-1/2

[Event "Österreichische Meisterschafte"]
[Site "Imst"]
[Date "2008.03.19"]
[Round "5.3"]
[White "Helmreich, Christian"]
[Black "Breneis, Lukas"]
[Result "1-0"]
[WhiteElo "1998"]
[BlackElo "2078"]
[PlyCount "94"]
[EventDate "2008.03.17"]

1. e4 c5 2. c3 d5 3. exd5 Qxd5 4. Nf3 Nc6 5. d4 Bg4 6. Be2 e6 7. Na3 Nf6 8. O-O
Be7 9. Bf4 O-O 10. Nc2 cxd4 11. Ncxd4 Rad8 12. Nxc6 Qxc6 13. Qb3 Qe4 14. Be3
Nd5 15. Nd2 Qg6 16. Bxg4 Nxe3 17. fxe3 Qxg4 18. Nf3 Qe4 19. Kh1 Rd3 20. Rae1 e5
21. Re2 Bf6 22. Qc2 Qg6 23. e4 Rd6 24. c4 h5 25. b4 Rc8 26. Qb3 b6 27. Rc1 Qg4
28. h3 Qd7 29. Re3 g5 30. c5 g4 31. hxg4 hxg4 32. Rec3 Rdc6 33. Nh2 Bg5 34. Rd1
Qe7 35. Qd5 Rh6 36. Kg1 Rxh2 37. Kxh2 Bf4+ 38. Kg1 Qh4 39. c6 Qh2+ 40. Kf1 Qh1+
41. Ke2 Qxg2+ 42. Kd3 Kg7 43. c7 Rh8 44. c8=Q Rh3+ 45. Kc4 Qe2+ 46. Rdd3 Qxa2+
47. Kb5 a6+ 1-0

[Event "Österreichische Meisterschafte"]
[Site "Imst"]
[Date "2008.03.19"]
[Round "5.4"]
[White "Exler, Veronika"]
[Black "Radnetter, Georg"]
[Result "1/2-1/2"]
[WhiteElo "1974"]
[BlackElo "2150"]
[PlyCount "62"]
[EventDate "2008.03.17"]

1. e4 c5 2. c3 d5 3. exd5 Qxd5 4. d4 cxd4 5. cxd4 Nc6 6. Nf3 Bg4 7. Nc3 Bxf3 8.
Nxd5 Bxd1 9. Nc7+ Kd8 10. Nxa8 Bh5 11. Bf4 e5 12. dxe5 Bb4+ 13. Bd2 Bxd2+ 14.
Kxd2 Kc8 15. Bb5 Nge7 16. Bxc6 Nxc6 17. f4 Kb8 18. h3 f5 19. exf6 gxf6 20. g4
Bf7 21. b3 Kxa8 22. Rhe1 b5 23. Kc3 Kb7 24. Rad1 Kc7 25. Rd3 a5 26. Red1 Rd8
27. Rxd8 Nxd8 28. Kd4 Kd6 29. Ke4+ Ke7 30. Rc1 Ne6 31. h4 Kd6 1/2-1/2

[Event "Österreichische Meisterschafte"]
[Site "Imst"]
[Date "2008.03.19"]
[Round "5.5"]
[White "Klocker, Benedikt"]
[Black "Scheiber, Michael"]
[Result "1-0"]
[WhiteElo "2105"]
[BlackElo "1943"]
[PlyCount "75"]
[EventDate "2008.03.17"]

1. e4 c5 2. Nf3 d6 3. d4 cxd4 4. Nxd4 Nf6 5. Nc3 e5 6. Nb3 Be6 7. f3 a6 8. Be3
Be7 9. Qd2 O-O 10. O-O-O Nbd7 11. g4 b5 12. h4 b4 13. Nd5 Bxd5 14. exd5 a5 15.
g5 Ne8 16. Qg2 a4 17. Nd2 Nc5 18. h5 f5 19. gxf6 Bxf6 20. Ne4 Nxe4 21. fxe4 b3
22. cxb3 axb3 23. a3 Nc7 24. Kb1 Na6 25. Rc1 Nb4 26. Rc3 Nc2 27. Bc1 Nd4 28.
Bc4 Rb8 29. Rhh3 Rf7 30. Bxb3 Rfb7 31. Ka2 Qa5 32. Qg4 Qb5 33. Rc8+ Kf7 34.
Rhc3 Rxc8 35. Qxc8 Qxb3+ 36. Rxb3 Rxb3 37. Qd7+ Be7 38. Bg5 1-0

[Event "Österreichische Meisterschafte"]
[Site "Imst"]
[Date "2008.03.19"]
[Round "5.6"]
[White "Kuran, Avelino"]
[Black "Zwanowetz, Thomas"]
[Result "1-0"]
[WhiteElo "2104"]
[BlackElo "1859"]
[PlyCount "29"]
[EventDate "2008.03.17"]

1. e4 c6 2. Nc3 d5 3. d4 dxe4 4. Nxe4 Nf6 5. Nxf6+ exf6 6. Bc4 Bd6 7. Nf3 O-O
8. O-O Bg4 9. h3 Bh5 10. Qd3 Nd7 11. Nh4 c5 12. g4 Bg6 13. Nxg6 hxg6 14. Qxg6
f5 15. Qxd6 1-0

[Event "Österreichische Meisterschafte"]
[Site "Imst"]
[Date "2008.03.19"]
[Round "5.7"]
[White "Klocker, Samuel"]
[Black "Bisztyga, Oliver"]
[Result "1-0"]
[WhiteElo "1835"]
[BlackElo "1814"]
[PlyCount "41"]
[EventDate "2008.03.17"]

1. e4 c5 2. Nf3 e6 3. d4 cxd4 4. Nxd4 Nf6 5. Nc3 d6 6. Be3 Be7 7. Be2 O-O 8.
O-O Nc6 9. f4 a6 10. a4 Bd7 11. Qe1 Nxd4 12. Bxd4 Bc6 13. Bd3 Nd7 14. Qg3 g6
15. f5 e5 16. Be3 Nf6 17. Bh6 Re8 18. Bc4 d5 19. fxg6 hxg6 20. exd5 Bd7 21. d6
1-0

[Event "Österreichische Meisterschafte"]
[Site "Imst"]
[Date "2008.03.19"]
[Round "5.8"]
[White "Heiny, Michael"]
[Black "Kuecher, Wolfgang"]
[Result "1/2-1/2"]
[WhiteElo "2009"]
[BlackElo "1818"]
[PlyCount "167"]
[EventDate "2008.03.17"]

1. d4 d5 2. c4 e6 3. Nc3 Nf6 4. cxd5 exd5 5. Bg5 Nbd7 6. e3 Be7 7. Qc2 c6 8.
Bd3 O-O 9. Nf3 Re8 10. O-O Nf8 11. h3 Ne4 12. Bf4 Ng5 13. Nxg5 Bxg5 14. Bh2 Be7
15. Rab1 Bd6 16. Bxd6 Qxd6 17. b4 a6 18. a4 Bd7 19. b5 axb5 20. axb5 Reb8 21.
bxc6 bxc6 22. Na4 g6 23. Nc5 Ne6 24. Nxe6 Qxe6 25. Qc5 Be8 26. Rfc1 Rxb1 27.
Rxb1 Qc8 28. Rc1 Qb7 29. Rb1 Qc7 30. Rb6 Ra1+ 31. Bf1 Qa7 32. Qb4 Qa4 33. Qxa4
Rxa4 34. Ba6 Kf8 35. Bb7 Rc4 36. Kf1 Ke7 37. Ke2 Kd6 38. Ba6 Ra4 39. Bd3 Kc7
40. Rb3 Bd7 41. Kf3 Kd6 42. Rc3 h6 43. h4 h5 44. Kf4 Ke6 45. Kg5 Ra8 46. Bc2
Ke7 47. e4 dxe4 48. Bxe4 Ra4 49. Bxc6 Bxc6 50. Rxc6 Rxd4 51. g3 Rd2 52. f3 Rd3
53. Kf4 Ra3 54. Rb6 Ra4+ 55. Kg5 Ra3 56. g4 Rxf3 57. gxh5 Rf5+ 58. Kg4 Rxh5 59.
Ra6 Kf8 60. Rb6 Kg7 61. Ra6 Rb5 62. Rc6 Kh6 63. Rf6 Kg7 64. Ra6 f6 65. Rc6 Rb4+
66. Kg3 f5 67. Ra6 Kh6 68. Ra8 Kg7 69. Ra6 Rg4+ 70. Kh3 g5 71. hxg5 Rxg5 72.
Ra3 Kf6 73. Rg3 Rh5+ 74. Kg2 Ke5 75. Ra3 Rh4 76. Ra5+ Kf6 77. Kg3 Rb4 78. Kf3
Kg5 79. Rc5 Rb3+ 80. Kf2 Kg4 81. Rc8 Rb2+ 82. Kf1 f4 83. Rc3 f3 84. Rc8 1/2-1/2

[Event "Österreichische Meisterschafte"]
[Site "Imst"]
[Date "2008.03.19"]
[Round "5.9"]
[White "Benkö, Markus"]
[Black "Schmidrathner, Christian"]
[Result "1/2-1/2"]
[WhiteElo "1943"]
[BlackElo "1855"]
[PlyCount "70"]
[EventDate "2008.03.17"]

1. Nf3 Nf6 2. d4 d6 3. c4 g6 4. Nc3 Bg7 5. e4 O-O 6. Be2 e5 7. O-O Nc6 8. d5
Ne7 9. Rb1 Nh5 10. Nd2 Nf4 11. b4 Nxe2+ 12. Qxe2 a5 13. a3 axb4 14. axb4 f5 15.
f3 f4 16. c5 g5 17. Nc4 Ng6 18. Ba3 Rf7 19. b5 Bf8 20. cxd6 cxd6 21. b6 Rg7 22.
Nb5 Rxa3 23. Nbxa3 Nh4 24. Kf2 Nxg2 25. Kxg2 g4 26. Kh1 g3 27. Rg1 Bh3 28. Rg2
Qh4 29. Nb5 Rg6 30. Nd2 Be7 31. Nc7 Bd8 32. Ne6 Bxb6 33. Rxb6 Bxg2+ 34. Qxg2
gxh2 35. Qf1 Rg1+ 1/2-1/2

[Event "Österreichische Meisterschafte"]
[Site "Imst"]
[Date "2008.03.20"]
[Round "6.1"]
[White "Lampl, Gerald"]
[Black "Fröwis, Georg"]
[Result "1/2-1/2"]
[WhiteElo "2118"]
[BlackElo "2194"]
[PlyCount "46"]
[EventDate "2008.03.17"]

1. d4 d5 2. c4 e6 3. Nf3 c6 4. e3 Nf6 5. Nbd2 c5 6. cxd5 exd5 7. Bb5+ Bd7 8.
Bxd7+ Nbxd7 9. O-O Bd6 10. b3 cxd4 11. Nxd4 O-O 12. Bb2 Rc8 13. Qe2 a6 14. Rfd1
Bb8 15. N2f3 Nc5 16. Nf5 Nce4 17. Ng3 Bxg3 18. hxg3 Qd7 19. Bxf6 Nxf6 20. Rac1
Qf5 21. Nd4 Qg6 22. Qf3 Rce8 23. Qf5 Qh6 1/2-1/2

[Event "Österreichische Meisterschafte"]
[Site "Imst"]
[Date "2008.03.20"]
[Round "6.2"]
[White "Poetz, Florian"]
[Black "Helmreich, Christian"]
[Result "1/2-1/2"]
[WhiteElo "2172"]
[BlackElo "1998"]
[PlyCount "63"]
[EventDate "2008.03.17"]

1. e4 Nf6 2. e5 Nd5 3. d4 d6 4. Nf3 Bg4 5. Be2 c6 6. c4 Nb6 7. Nbd2 g6 8. h3
Bxf3 9. Nxf3 Bg7 10. Qb3 Na6 11. Be3 Qc8 12. O-O O-O 13. exd6 exd6 14. Bf4 Re8
15. Rfe1 d5 16. cxd5 Nxd5 17. Bxa6 bxa6 18. Be5 f6 19. Bg3 Qd7 20. Rac1 Rxe1+
21. Nxe1 Re8 22. Nd3 Bf8 23. Qc4 Rc8 24. Qxa6 Nb6 25. Rc3 Qxd4 26. Qxa7 Ra8 27.
Qb7 Rxa2 28. Qxc6 Nd5 29. Qe6+ Kg7 30. Qd7+ Kh6 31. Rb3 Ne3 32. Qxd4 1/2-1/2

[Event "Österreichische Meisterschafte"]
[Site "Imst"]
[Date "2008.03.20"]
[Round "6.3"]
[White "Platzgummer, Fabian"]
[Black "Kuran, Avelino"]
[Result "1/2-1/2"]
[WhiteElo "2192"]
[BlackElo "2104"]
[PlyCount "59"]
[EventDate "2008.03.17"]

1. e4 c6 2. d4 d5 3. Nc3 dxe4 4. Nxe4 Bf5 5. Ng3 Bg6 6. Nf3 Nd7 7. h4 h6 8. h5
Bh7 9. Bd3 Bxd3 10. Qxd3 e6 11. Bf4 Qa5+ 12. Bd2 Qc7 13. O-O-O Ngf6 14. c4 Bd6
15. Ne4 Nxe4 16. Qxe4 O-O-O 17. g3 c5 18. d5 Rhe8 19. Qc2 exd5 20. cxd5 Re2 21.
Rhf1 Rde8 22. Rde1 Rxe1+ 23. Rxe1 Rxe1+ 24. Bxe1 Be5 25. Qe4 Qd6 26. Nd2 Qf6
27. Nc4 b5 28. d6 bxc4 29. Qc6+ Kb8 30. Qc7+ 1/2-1/2

[Event "Österreichische Meisterschafte"]
[Site "Imst"]
[Date "2008.03.20"]
[Round "6.4"]
[White "Breneis, Lukas"]
[Black "Klocker, Benedikt"]
[Result "1/2-1/2"]
[WhiteElo "2078"]
[BlackElo "2105"]
[PlyCount "109"]
[EventDate "2008.03.17"]

1. c4 Nf6 2. g3 g6 3. Bg2 Bg7 4. Nf3 O-O 5. O-O d6 6. Nc3 e5 7. d3 Nh5 8. Rb1
f5 9. Ng5 h6 10. Bd5+ Kh8 11. Nf7+ Rxf7 12. Bxf7 Qf6 13. Bd5 c6 14. Bg2 f4 15.
e3 Qf7 16. exf4 exf4 17. Bxf4 Nxf4 18. gxf4 Qxf4 19. Qf3 Qh4 20. Qe4 Qxe4 21.
Bxe4 Bh3 22. Rfe1 Nd7 23. Re3 Bg4 24. Rg3 Bf5 25. Bxf5 gxf5 26. Kh1 Be5 27. Rg6
Kh7 28. Re6 Nc5 29. Re7+ Kg6 30. Rg1+ Kf6 31. Reg7 f4 32. R7g6+ Kf5 33. Rxh6
Nxd3 34. Rh5+ Ke6 35. Ne4 d5 36. Ng5+ Kf6 37. Nf3 dxc4 38. Nxe5 Nxe5 39. Rh6+
Kf5 40. Rh5+ Kf6 41. Rh6+ Kf5 42. h4 Nd3 43. f3 Ke5 44. Rg7 b5 45. Rg5+ Kd4 46.
Rd6+ Ke3 47. Rxc6 Kxf3 48. Rxb5 Nf2+ 49. Kh2 Ng4+ 50. Kh3 Nf2+ 51. Kh2 Rd8 52.
Rxc4 Ng4+ 53. Kh3 Nf2+ 54. Kh2 Ng4+ 55. Kh3 1/2-1/2

[Event "Österreichische Meisterschafte"]
[Site "Imst"]
[Date "2008.03.20"]
[Round "6.5"]
[White "Radnetter, Georg"]
[Black "Klocker, Samuel"]
[Result "1/2-1/2"]
[WhiteElo "2150"]
[BlackElo "1835"]
[PlyCount "64"]
[EventDate "2008.03.17"]

1. e4 e5 2. Nf3 Nc6 3. Bb5 a6 4. Ba4 Nf6 5. O-O b5 6. Bb3 Be7 7. Re1 O-O 8. h3
Bb7 9. d3 d6 10. c3 Qd7 11. Nbd2 Rad8 12. Nf1 Rfe8 13. Ng3 h6 14. Bc2 Bf8 15.
Nh2 d5 16. Qf3 Nh7 17. Nf5 d4 18. Qg3 Kh8 19. Nf3 dxc3 20. bxc3 b4 21. Rb1 a5
22. a3 Ba6 23. axb4 axb4 24. cxb4 Bxd3 25. Rd1 Bxc2 26. Rxd7 Rxd7 27. Ra1 Bxe4
28. Ne3 Nd4 29. Nxd4 exd4 30. Nc4 Bxb4 31. Qb3 c5 32. Bf4 Bd5 1/2-1/2

[Event "Österreichische Meisterschafte"]
[Site "Imst"]
[Date "2008.03.20"]
[Round "6.6"]
[White "Schmidrathner, Christian"]
[Black "Exler, Veronika"]
[Result "1/2-1/2"]
[WhiteElo "1855"]
[BlackElo "1974"]
[PlyCount "29"]
[EventDate "2008.03.17"]

1. e4 c6 2. d4 d5 3. e5 Bf5 4. Nc3 e6 5. g4 Bg6 6. Nge2 c5 7. h4 cxd4 8. Nxd4
h5 9. g5 Nc6 10. Bb5 Qc7 11. f4 a6 12. Ba4 Nge7 13. Rh3 Nf5 14. Nxc6 bxc6 15.
Nxd5 1/2-1/2

[Event "Österreichische Meisterschafte"]
[Site "Imst"]
[Date "2008.03.20"]
[Round "6.7"]
[White "Zwanowetz, Thomas"]
[Black "Heiny, Michael"]
[Result "0-1"]
[WhiteElo "1859"]
[BlackElo "2009"]
[PlyCount "66"]
[EventDate "2008.03.17"]

1. d4 Nf6 2. c4 g6 3. Nc3 Bg7 4. e4 d6 5. Nf3 O-O 6. Be2 e5 7. Be3 Ng4 8. Bg5
f6 9. Bh4 g5 10. Bg3 Nh6 11. O-O Nc6 12. dxe5 fxe5 13. Nd2 Nd4 14. f3 Be6 15.
Bf2 c5 16. Nd5 Nf7 17. Bd3 Nh8 18. Nb1 Ng6 19. Nbc3 Qd7 20. b4 b6 21. bxc5 bxc5
22. Bc2 g4 23. Ba4 Qc8 24. fxg4 Bxg4 25. Qd2 Bd7 26. Bxd7 Qxd7 27. Rab1 Nf4 28.
Bxd4 cxd4 29. Nxf4 dxc3 30. Qd5+ Qf7 31. Ne6 c2 32. Qxa8 cxb1=Q 33. Qxf8+ Bxf8
0-1

[Event "Österreichische Meisterschafte"]
[Site "Imst"]
[Date "2008.03.20"]
[Round "6.9"]
[White "Kuecher, Wolfgang"]
[Black "Bisztyga, Oliver"]
[Result "1-0"]
[WhiteElo "1818"]
[BlackElo "1814"]
[PlyCount "149"]
[EventDate "2008.03.17"]

1. d4 Nf6 2. Bg5 Ne4 3. Bf4 c5 4. c3 Qb6 5. Qc1 cxd4 6. cxd4 Nc6 7. e3 e6 8.
Nc3 Bb4 9. Bd3 Nf6 10. a3 Be7 11. Nf3 O-O 12. O-O a6 13. Bg5 Qd8 14. Qc2 g6 15.
Rac1 b5 16. Ne4 Nxe4 17. Bxe7 Qxe7 18. Bxe4 Bb7 19. d5 Na5 20. Qc7 exd5 21. Bd3
Qd8 22. b4 Nb3 23. Qxb7 Nxc1 24. Rxc1 Rc8 25. Rd1 Rc6 26. Nd4 Qc7 27. Qxc7 Rxc7
28. Ne2 Rfc8 29. Kf1 Kf8 30. Ke1 f5 31. Kd2 Ke7 32. Rc1 Rxc1 33. Nxc1 Kd6 34.
Nb3 Rc7 35. Nc5 Ra7 36. Be2 a5 37. Bxb5 axb4 38. axb4 Ra2+ 39. Ke1 Rb2 40. Nd3
Ra2 41. g3 g5 42. Nc1 Rb2 43. Bd3 Rxb4 44. Bxf5 h6 45. Ke2 d4 46. exd4 Rxd4 47.
Ke3 Ra4 48. Nd3 Ke7 49. Bxd7 Ra3 50. Bg4 Kf6 51. Bf3 Kf5 52. h3 Kg6 53. Be4+
Kf6 54. f4 h5 55. f5 h4 56. gxh4 gxh4 57. Kf4 Ra4 58. Ne1 Ra3 59. Nf3 Rb3 60.
Kg4 Rb4 61. Ng5 Ke5 62. Kxh4 Kf6 63. Kg4 Rb8 64. Kf4 Rh8 65. Kg4 Rb8 66. h4 Rg8
67. Bf3 Rb8 68. Kf4 Rb4+ 69. Ne4+ Kg7 70. Kg5 Rb5 71. h5 Ra5 72. h6+ Kh7 73.
Nd6 Ra7 74. Bh5 Kg8 75. Bg6 1-0

[Event "Österreichische Meisterschafte"]
[Site "Imst"]
[Date "2008.03.21"]
[Round "7.1"]
[White "Poetz, Florian"]
[Black "Lampl, Gerald"]
[Result "1/2-1/2"]
[WhiteElo "2172"]
[BlackElo "2118"]
[PlyCount "31"]
[EventDate "2008.03.17"]

1. e4 d5 2. exd5 Qxd5 3. Nc3 Qd6 4. d4 c6 5. Nf3 Bg4 6. Be3 Nd7 7. h3 Bh5 8. g4
Bg6 9. Nh4 e6 10. Qe2 Be7 11. Nxg6 hxg6 12. O-O-O Ngf6 13. Bg2 Nb6 14. f4 Nfd5
15. Ne4 Qb4 16. a3 1/2-1/2

[Event "Österreichische Meisterschafte"]
[Site "Imst"]
[Date "2008.03.21"]
[Round "7.2"]
[White "Fröwis, Georg"]
[Black "Platzgummer, Fabian"]
[Result "1-0"]
[WhiteElo "2194"]
[BlackElo "2192"]
[PlyCount "47"]
[EventDate "2008.03.17"]

1. d4 Nf6 2. Nc3 d6 3. e4 e5 4. Nf3 Nbd7 5. g4 Nxg4 6. Rg1 Ngf6 7. Bc4 h6 8.
Be3 c6 9. dxe5 dxe5 10. Qd3 Qc7 11. O-O-O b5 12. Bb3 a6 13. a4 Bb7 14. Kb1 g6
15. Nh4 Be7 16. Ne2 h5 17. Bxf7+ Kxf7 18. Nxg6 Rhg8 19. Qb3+ Ke8 20. Nxe7 Kxe7
21. Ng3 Raf8 22. Nf5+ Kd8 23. Rxg8 Rxg8 24. Qf7 1-0

[Event "Österreichische Meisterschafte"]
[Site "Imst"]
[Date "2008.03.21"]
[Round "7.3"]
[White "Helmreich, Christian"]
[Black "Klocker, Benedikt"]
[Result "1/2-1/2"]
[WhiteElo "1998"]
[BlackElo "2105"]
[PlyCount "117"]
[EventDate "2008.03.17"]

1. e4 c5 2. Nf3 d6 3. d4 cxd4 4. Nxd4 Nf6 5. Nc3 g6 6. Be3 Bg7 7. f3 O-O 8. Qd2
Nc6 9. Bc4 Bd7 10. O-O-O Rc8 11. Bb3 Ne5 12. h4 h5 13. Kb1 Re8 14. Bh6 Qa5 15.
g4 Bh8 16. g5 Nh7 17. f4 Nc4 18. Qd3 Qc5 19. f5 Nf8 20. fxg6 fxg6 21. Rhf1 Bxd4
22. Qxd4 Qxd4 23. Rxd4 Be6 24. Nd5 Bxd5 25. Rxd5 Nd7 26. Rdd1 Nde5 27. Rf4 Kh7
28. c3 Ne3 29. Rd2 N3g4 30. Be6 Rcd8 31. Bxg4 hxg4 32. Kc2 Kg8 33. Rh2 Nf7 34.
h5 gxh5 35. Rxh5 Nxh6 36. gxh6 Kh7 37. Rxg4 Rg8 38. Rxg8 Rxg8 39. Rh2 Rg6 40.
Kd3 Rxh6 41. Rxh6+ Kxh6 42. Kd4 e6 43. e5 d5 44. Kc5 Kg5 45. Kd6 Kf5 46. a3 a6
47. b3 b6 48. a4 a5 49. Kc6 Kxe5 50. Kxb6 d4 51. cxd4+ Kxd4 52. Kxa5 e5 53. Kb6
e4 54. a5 e3 55. a6 e2 56. a7 e1=Q 57. a8=Q Qb4+ 58. Kc7 Qe7+ 59. Kb8 1/2-1/2

[Event "Österreichische Meisterschafte"]
[Site "Imst"]
[Date "2008.03.21"]
[Round "7.4"]
[White "Kuran, Avelino"]
[Black "Breneis, Lukas"]
[Result "1-0"]
[WhiteElo "2104"]
[BlackElo "2078"]
[PlyCount "103"]
[EventDate "2008.03.17"]

1. e4 c5 2. c3 Nf6 3. e5 Nd5 4. d4 cxd4 5. Bc4 Nb6 6. Bb3 e6 7. cxd4 d6 8. Nf3
Nc6 9. O-O Be7 10. Qe2 d5 11. Nc3 Bd7 12. a3 Rc8 13. Bc2 a6 14. Be3 Nc4 15. b4
Nxe3 16. Qxe3 Qc7 17. Rac1 O-O 18. Na4 Qd8 19. Nc5 Bxc5 20. dxc5 f5 21. Nd4 Qh4
22. Nxc6 Bxc6 23. f4 Rcd8 24. Qf2 Qh5 25. Bd1 Qe8 26. Qd4 Ba4 27. Bxa4 Qxa4 28.
Rc3 Rc8 29. Qd1 Qd7 30. Qb3 Rc7 31. a4 Rfc8 32. Rfc1 d4 33. Rc4 Qd5 34. Qd3 Qc6
35. Rxd4 Qxa4 36. Rd8+ Kf7 37. Rxc8 Rxc8 38. Rd1 Rc7 39. Qd4 Re7 40. Kf2 Qc6
41. Qd3 g6 42. Qh3 h5 43. Qh4 Qe8 44. Qf6+ Kg8 45. Rd6 Qf7 46. Kg3 Qe8 47. Kh4
Qf7 48. Rd8+ Re8 49. Qxf7+ Kxf7 50. Rxe8 Kxe8 51. Kg5 h4 52. Kxg6 1-0

[Event "Österreichische Meisterschafte"]
[Site "Imst"]
[Date "2008.03.21"]
[Round "7.5"]
[White "Heiny, Michael"]
[Black "Radnetter, Georg"]
[Result "1/2-1/2"]
[WhiteElo "2009"]
[BlackElo "2150"]
[PlyCount "20"]
[EventDate "2008.03.17"]

1. Nf3 Nf6 2. g3 e6 3. Bg2 c5 4. c4 Nc6 5. O-O a6 6. Nc3 Qc7 7. d4 cxd4 8. Nxd4
d6 9. b3 Be7 10. Bb2 Bd7 1/2-1/2

[Event "Österreichische Meisterschafte"]
[Site "Imst"]
[Date "2008.03.21"]
[Round "7.6"]
[White "Klocker, Samuel"]
[Black "Schmidrathner, Christian"]
[Result "0-1"]
[WhiteElo "1835"]
[BlackElo "1855"]
[PlyCount "70"]
[EventDate "2008.03.17"]

1. e4 c5 2. Nf3 d6 3. d4 cxd4 4. Nxd4 Nf6 5. Nc3 g6 6. Be3 Bg7 7. f3 O-O 8. Qd2
Nc6 9. Bc4 Bd7 10. O-O-O Rc8 11. Bb3 Ne5 12. h4 Nc4 13. Bxc4 Rxc4 14. h5 Nxh5
15. g4 Nf6 16. Bh6 Nxe4 17. Nxe4 Rxd4 18. Qh2 Rxd1+ 19. Kxd1 Be5 20. Bf4 h5 21.
gxh5 Bf5 22. hxg6 Bxg6 23. Bxe5 dxe5+ 24. Kc1 f6 25. Rd1 Qb6 26. Qg2 Qe3+ 27.
Kb1 Kf7 28. Nc3 Rg8 29. Qf1 Bf5 30. Nd5 Qc5 31. Nc3 Rc8 32. Rd5 Bxc2+ 33. Kxc2
Qxd5 34. Qh3 Qc4 35. Qh5+ Kg7 0-1